Common Sayings: Missing 'E' Words Quiz Stats

 Plays Quiz Updated Aug 19, 2017

Challenge
Share
Tweet
Embed
Score 0/30 Timer 04:00
8 Plays Today
% Correct
early
95.3%
ever
95%
Eskimos
94.3%
easier
94.2%
envy
94%
every
94%
easy
93.9%
ears
93.9%
everything
93.6%
expand
93.3%
ear
93.2%
eat
92.7%
earth
92.6%
English
92.5%
earn
92.4%
% Correct
eyes
92.1%
enemy
91.9%
example
91.9%
elbow
91.5%
each
91.3%
elephant
90.6%
escapes
90.4%
even
90.1%
eyebrows
89.7%
everybody
88.6%
err
88.2%
ends
87.4%
experience
86.6%
economy
72.8%
end
64.7%

You're not logged in!

Compare scores with friends on all Sporcle quizzes.
OR
Log In

You Might Also Like...

Show Comments

Extras

Top Quizzes Today


Score Distribution

Your Account Isn't Verified!

In order to create a playlist on Sporcle, you need to verify the email address you used during registration. Go to your Sporcle Settings to finish the process.

Report this User

Report this user for behavior that violates our Community Guidelines.

Details: